[Event "BCF-chT2b 1213 (4NCL)"]
[Site "England"]
[Date "2012.11.04"]
[Round "2.81"]
[White "Pratik, R Shriwas"]
[Black "Sanders, Isaac B"]
[Result "1/2-1/2"]
[WhiteElo "2210"]
[BlackElo "2132"]
[PlyCount "120"]
[EventDate "2012.11.03"]
[EventType "team-tourn"]
[EventRounds "7"]
[EventCountry "ENG"]
[SourceTitle "EXT 2014"]
[Source "ChessBase"]
[SourceDate "2013.11.20"]
[SourceVersion "1"]
[SourceVersionDate "2013.11.20"]
[SourceQuality "1"]
[WhiteTeam "North East England"]
[BlackTeam "Barbican Youth"]
[WhiteTeamCountry "ENG"]
[BlackTeamCountry "ENG"]

1. e4 e5 2. Nf3 Nc6 3. Bb5 a6 4. Bxc6 dxc6 5. h3 Bd6 6. d4 exd4 7. Qxd4 f6 8. Nbd2 Be6 9. Nc4 Bb4+ 10. Bd2 Qxd4 11. Nxd4 Bxc4 12. Bxb4 a5 13. Bc3 Ne7 14. f4 0-0-0 15. Kf2 b6 16. Nf3 Rhe8 17. Rhe1 Ng6 18. g3 Nf8 19. Re3 Rd7 20. a3 Rde7 21. Rae1 Nd7 22. Bd4 c5 23. Bc3 Nb8 24. b3 Bb5 25. e5 fxe5 26. Rxe5 Rxe5 27. Bxe5 g6 28. Ng5 Bd7 29. Nxh7 Bxh3 30. Nf6 Rf8 31. g4 Rxf6 32. Bxf6 Bxg4 33. Re8+ Kb7 34. Ke3 Bf5 35. Kd2 Nd7 36. Be5 Kc6 37. Re7 Kb7 38. Rg7 Kc6 39. c3 Kb7 40. Ke3 Kc6 41. Kf3 Bc2 42. Kg3 Nxe5 43. fxe5 Bxb3 44. Rxg6+ Kb5 45. Rg4 Be6 46. Rh4 c4 47. Rh6 Bd5 48. e6 Bxe6 49. Rxe6 Ka4 50. Rc6 Kxa3 51. Rxc7 Kb3 52. Rc6 b5 53. Rc5 a4 54. Rxb5+ Kxc3 55. Ra5 a3 56. Rxa3+ Kb2 57. Ra8 c3 58. Rb8+ Ka2 59. Ra8+ Kb2 60. Rb8+ Ka2 1/2-1/2

[Event "World ol U16 04th"]
[Site "Calicut"]
[Date "2004.07.??"]
[Round "2"]
[White "Pratik, R Shriwas"]
[Black "Gareyev, Timur"]
[Result "0-1"]
[WhiteElo "2192"]
[BlackElo "2536"]
[PlyCount "94"]
[EventDate "2004.07.01"]
[EventType "team-swiss"]
[EventRounds "9"]
[EventCountry "IND"]
[SourceTitle "EXT 2014"]
[Source "ChessBase"]
[SourceDate "2013.11.20"]
[SourceVersion "1"]
[SourceVersionDate "2013.11.20"]
[SourceQuality "1"]

1. Nf3 d5 2. g3 Nf6 3. Bg2 c6 4. d3 Bg4 5. Nbd2 Nbd7 6. 0-0 e5 7. e4 dxe4 8. dxe4 Be7 9. h3 Bh5 10. Qe1 0-0 11. Nh4 Re8 12. Nf5 Bf8 13. a3 a5 14. g4 Bg6 15. Nc4 b5 16. Nd2 Nc5 17. b3 h5 18. Qe2 hxg4 19. hxg4 Ne6 20. Rd1 Nd4 21. Nxd4 Qxd4 22. Rb1 Qd7 23. Bf3 Rad8 24. Bb2 Qc7 25. Nf1 Nh7 26. Ng3 Ng5 27. Bg2 f6 28. Rxd8 Rxd8 29. Rd1 Ne6 30. Nf5 Bf7 31. Bf1 g6 32. Rxd8 Qxd8 33. Ne3 Nf4 34. Qd1 Qxd1 35. Nxd1 Ne6 36. Kg2 Bc5 37. Bc1 Kf8 38. Ne3 Ke7 39. f3 Nd4 40. a4 Bxb3 41. c3 Bxa4 42. cxd4 exd4 43. Nc4 bxc4 44. Bxc4 Bc2 45. Kf1 d3 46. Ke1 Bb4+ 47. Bd2 g5 0-1

[Event "World ol U16 04th"]
[Site "Calicut"]
[Date "2004.07.??"]
[Round "5"]
[White "Pratik, R Shriwas"]
[Black "Medybaev, Daniyar"]
[Result "1-0"]
[WhiteElo "2192"]
[BlackElo "2235"]
[PlyCount "54"]
[EventDate "2004.07.01"]
[EventType "team-swiss"]
[EventRounds "9"]
[EventCountry "IND"]
[SourceTitle "EXT 2014"]
[Source "ChessBase"]
[SourceDate "2013.11.20"]
[SourceVersion "1"]
[SourceVersionDate "2013.11.20"]
[SourceQuality "1"]

1. Nf3 Nf6 2. g3 g6 3. Bg2 Bg7 4. 0-0 0-0 5. c4 d6 6. Nc3 e5 7. d3 c6 8. Rb1 a5 9. a3 Nbd7 10. Qc2 Qc7 11. Bg5 h6 12. Bxf6 Nxf6 13. b4 axb4 14. axb4 Be6 15. Rfc1 Nd7 16. b5 f5 17. Nd2 Nf6 18. Qb3 Rab8 19. Qa4 Ra8 20. Qb4 h5 21. bxc6 bxc6 22. Qb6 Rfc8 23. Qxc7 Rxc7 24. Nb5 Re7 25. Bxc6 Ra2 26. Nf1 Rxe2 27. Nc3 Bc8 1-0

[Event "World ol U16 04th"]
[Site "Calicut"]
[Date "2004.07.??"]
[Round "6"]
[White "Zhou, Jianchao"]
[Black "Pratik, R Shriwas"]
[Result "1-0"]
[WhiteElo "2385"]
[BlackElo "2192"]
[PlyCount "81"]
[EventDate "2004.07.01"]
[EventType "team-swiss"]
[EventRounds "9"]
[EventCountry "IND"]
[SourceTitle "EXT 2014"]
[Source "ChessBase"]
[SourceDate "2013.11.20"]
[SourceVersion "1"]
[SourceVersionDate "2013.11.20"]
[SourceQuality "1"]

1. d4 Nf6 2. c4 e6 3. Nf3 Bb4+ 4. Bd2 Qe7 5. g3 Nc6 6. Bg2 0-0 7. 0-0 Bxd2 8. Nbxd2 d6 9. e4 e5 10. d5 Nb8 11. Ne1 a5 12. Nd3 Na6 13. f4 Nd7 14. f5 Nac5 15. Nf2 c6 16. Qe2 Kh8 17. b3 cxd5 18. exd5 g6 19. Ng4 gxf5 20. Nh6 f4 21. Rxf4 Nb6 22. Raf1 f6 23. R4f2 Qg7 24. Qe3 Bd7 25. Ne4 Nxe4 26. Bxe4 Nc8 27. Nf5 Bxf5 28. Rxf5 Ne7 29. Rh5 Ng6 30. Rh6 Kg8 31. Rf5 Rf7 32. Rfh5 Nf8 33. Bf5 Rc7 34. Qe4 Qh8 35. Qh4 Rf7 36. Be6 Nxe6 37. dxe6 Re7 38. Rxf6 Rae8 39. Rg5+ Rg7 40. Rf7 Ra8 41. Rf6 1-0

[Event "Wch U20 41st"]
[Site "Goa"]
[Date "2002.12.12"]
[Round "5"]
[White "Pratik, R Shriwas"]
[Black "Russell, MKA"]
[Result "0-1"]
[WhiteElo "2148"]
[BlackElo "2243"]
[PlyCount "94"]
[EventDate "2002.12.09"]
[EventType "swiss"]
[EventRounds "13"]
[EventCountry "IND"]
[SourceTitle "CBM 091 Extra"]
[Source "ChessBase"]
[SourceDate "2003.01.09"]
[SourceVersion "1"]
[SourceVersionDate "2003.01.09"]
[SourceQuality "1"]

1. Nf3 c5 2. b3 Nf6 3. Bb2 Nc6 4. c4 e6 5. e3 Be7 6. Be2 0-0 7. 0-0 d5 8. cxd5 exd5 9. d4 b6 10. Nc3 Be6 11. Rc1 Ne4 12. Bb5 Nxc3 13. Bxc3 Nb4 14. Bxb4 cxb4 15. Ne5 Bd6 16. Bd3 f6 17. Qh5 f5 18. f4 Bxe5 19. dxe5 Rc8 20. Ba6 Rc3 21. Rxc3 bxc3 22. Qe2 g5 23. Qd3 Qc7 24. Rc1 gxf4 25. Qxc3 Qxc3 26. Rxc3 fxe3 27. Rxe3 f4 28. Re1 f3 29. Rf1 fxg2 30. Rxf8+ Kxf8 31. Kxg2 Bf5 32. Kf3 d4 33. Ke2 Ke7 34. Bd3 Ke6 35. Ba6 Kxe5 36. Bb7 Be4 37. Bc8 Kf4 38. Be6 Ke5 39. Bc8 Kd5 40. b4 a5 41. a3 Ke5 42. Ba6 Bc6 43. Bd3 h6 44. bxa5 bxa5 45. Ba6 Be4 46. Bc8 Bc6 47. Ba6 Kf4 0-1

[Event "Wch U20 41st"]
[Site "Goa"]
[Date "2002.12.11"]
[Round "4"]
[White "Leong, Luke"]
[Black "Pratik, R Shriwas"]
[Result "0-1"]
[WhiteElo "2297"]
[BlackElo "2148"]
[PlyCount "86"]
[EventDate "2002.12.09"]
[EventType "swiss"]
[EventRounds "13"]
[EventCountry "IND"]
[SourceTitle "CBM 091 Extra"]
[Source "ChessBase"]
[SourceDate "2003.01.09"]
[SourceVersion "1"]
[SourceVersionDate "2003.01.09"]
[SourceQuality "1"]

1. d4 d5 2. c4 e6 3. Nc3 Nf6 4. cxd5 exd5 5. Bg5 Nbd7 6. Qc2 Be7 7. e3 0-0 8. Bd3 h6 9. Bh4 c6 10. Nf3 Re8 11. 0-0 Ne4 12. Bxe7 Qxe7 13. Rab1 a6 14. b4 Nb6 15. Nd2 Bf5 16. Ncxe4 Bxe4 17. Rfe1 Rad8 18. f3 Bxd3 19. Qxd3 Nd7 20. Qc3 Nf6 21. a4 Rc8 22. Nb3 Nd7 23. Nc5 Nb6 24. e4 dxe4 25. fxe4 Qc7 26. Qb3 Nd7 27. Nd3 Rcd8 28. Rbd1 Qb6 29. Nf2 a5 30. b5 c5 31. Qc3 cxd4 32. Rxd4 Nc5 33. Rc4 Nd3 34. Qd2 Ne5 35. Qe2 Nxc4 36. Qxc4 Rd2 37. Rf1 Red8 38. g3 Qd4 39. Qc7 b6 40. Qf4 Rd6 41. Qf3 Rf6 42. Qg2 Qxa4 43. e5 Rfxf2 0-1

[Event "Wch U20 41st"]
[Site "Goa"]
[Date "2002.12.10"]
[Round "2"]
[White "Annaberdiev, Meilis"]
[Black "Pratik, R Shriwas"]
[Result "1-0"]
[WhiteElo "2305"]
[BlackElo "2148"]
[PlyCount "57"]
[EventDate "2002.12.09"]
[EventType "swiss"]
[EventRounds "13"]
[EventCountry "IND"]
[SourceTitle "CBM 091 Extra"]
[Source "ChessBase"]
[SourceDate "2003.01.09"]
[SourceVersion "1"]
[SourceVersionDate "2003.01.09"]
[SourceQuality "1"]

1. d4 d5 2. Nf3 e6 3. Bf4 Nf6 4. Nbd2 Be7 5. e3 Nbd7 6. Ne5 c5 7. c3 Nxe5 8. dxe5 Nd7 9. Bd3 g5 10. Bg3 Qc7 11. e4 Nxe5 12. Bb5+ Kf8 13. Qh5 a6 14. Be2 f5 15. exf5 exf5 16. f4 Ng6 17. fxg5 f4 18. 0-0 Bf5 19. Bg4 Bd3 20. Rf3 Be4 21. Nxe4 dxe4 22. Rxf4+ Nxf4 23. Qh6+ Ke8 24. Rd1 Qc6 25. Qg7 Rf8 26. Bxf4 Rxf4 27. Bh5+ Qg6 28. Bxg6+ hxg6 29. Qxg6+ 1-0

[Event "Wch U20 41st"]
[Site "Goa"]
[Date "2002.12.09"]
[Round "1"]
[White "Pratik, R Shriwas"]
[Black "Sadykov, Rustem"]
[Result "0-1"]
[WhiteElo "2148"]
[BlackElo "2400"]
[PlyCount "138"]
[EventDate "2002.12.09"]
[EventType "swiss"]
[EventRounds "13"]
[EventCountry "IND"]
[SourceTitle "CBM 091 Extra"]
[Source "ChessBase"]
[SourceDate "2003.01.09"]
[SourceVersion "1"]
[SourceVersionDate "2003.01.09"]
[SourceQuality "1"]

1. Nf3 d5 2. g3 Nf6 3. Bg2 c6 4. d3 Bf5 5. Nbd2 h6 6. 0-0 e6 7. b3 Be7 8. Bb2 0-0 9. a3 Bh7 10. Qe1 a5 11. e4 c5 12. a4 Nc6 13. e5 Nd7 14. Qe2 Nb4 15. Ne1 Rc8 16. f4 Re8 17. Kh1 Bf8 18. g4 Qc7 19. c3 Nc6 20. Nc2 Nb6 21. Na3 Qd7 22. Rad1 Na8 23. Rf3 Nc7 24. Nf1 Rb8 25. Nb5 Rbd8 26. Ng3 Nxb5 27. axb5 Ne7 28. c4 Ng6 29. Bf1 Nh4 30. Rf2 a4 31. bxa4 dxc4 32. f5 exf5 33. d4 fxg4 34. Qxc4 Nf3 35. Be2 cxd4 36. Bxf3 gxf3 37. Rxd4 Qe6 38. Qxe6 fxe6 39. Rxd8 Rxd8 40. Rxf3 h5 41. Ba3 Bxa3 42. Rxa3 h4 43. Ne2 b6 44. Kg2 Rd5 45. Re3 Rd2 46. Kf1 Kf7 47. Ke1 Ra2 48. Rf3+ Ke7 49. Rf4 g5 50. Rg4 Bd3 51. Nc1 Ra1 52. Kd2 Bf5 53. Rxg5 Rxa4 54. Rg7+ Kd8 55. Rb7 Rb4 56. Rxb6 Rb2+ 57. Ke1 Rxh2 58. Rd6+ Kc8 59. Nb3 Rb2 60. Nd4 Bg4 61. Nxe6 h3 62. Rd8+ Kb7 63. Nc5+ Kc7 64. Rh8 h2 65. Kf1 Be2+ 66. Ke1 Bc4 67. Ne6+ Kb6 68. Rb8+ Ka7 69. Rh8 Rb1+ 0-1